| 000 | 00334nam a22001217a 4500 | ||
|---|---|---|---|
| 008 | 230703b xxu||||| |||| 00| 0 eng d | ||
| 082 |
_a352.6 _bHOC |
||
| 100 | _cHouse of Commons | ||
| 245 |
_aManual of Allowances and Services _bVolume 1- Services |
||
| 260 |
_aCanada _bHouse of Commons _c1993 |
||
| 300 | _aNo Panging | ||
| 942 |
_2ddc _cBK |
||
| 999 |
_c3143 _d3143 |
||